000
00312nam a22001337a 4500
008
171220b xxu||||| |||| 00| 0 eng d
020
_a
9781894511278
041
_a
eng
080
_a
004
100
_a
38
101
_a
shk
245
_a
MAPLE 8 INTRODUCTORY PROGRAMMING GUIDE
_c
MONAGAN.M.B
942
_2
udc
_c
BK
999
_c
39224
_d
39224